00679nam a2200241 a 4500001001300000003000900013005001700022008004100039020001000080082002000090100001800110245002000128260003800148300000900186500003500195505001700230650002200247700001800269902000800287942000700295952012000302999001500422nice12345678IN_TiNIC20260116011928.0050524s1906 meea grp 000 0 urd  ac10000a491.43931bJAL1 aJaleel, Hasan aTazkir-O-Taanis aMeerutbAkhtar Deccan Pressc1906 a368p aincludes index and biblioraphy2 aBibliography aDictionary-Gender1 aJaleel, Hasan bRBA cBK 001040708RareBook->aHMIbHMId2007-06-07g100.00l0o491.43931 JAL1p09474r2007-06-07v100.00w2005-05-24yBK c4935d4935